1370 1247 1507 1222 1547 1604 1307 1449 1506 1597 1688 1054 1056 1168 1627 1115 1228 1163 1112 1090 1706 1484 1782 1560 1318 1482 1115 1554 1314 1413 1210 1939 1890 1173 1488 1661 1958 1208 1077 1027 1926 1402 1044 1212 1679 1300 1152 1327 1340 1044 1763 1022 1851 1460 1999 1324 1997 1965 1683 1399 1802 1250 1937 1996 1077 1104 1746 1561 1357 1524 1509 1279 1576 1546 1420 1621 1644 1175 1449 1857 1211 1366 1088 1553 1950 1800 1925 1965 1323 1760 1455 1965 1251 1679 1311 1226 1497 1480 1520 BCNSPRNW ULIB Ver.6.0+V

เปลี่ยนเป็นภาษาไทย

Change to English
 แสดงรายละเอียดบรรณานุกรม
  กลับหน้าหลัก

Brief Record : Get Marc (ISO 2709) : E-mail record : QR code < ปิดหน้าต่าง
LEADER : 00000nam 2200000uu 4500
001    13399109058
003     ULIB
008    110321s2553||||th 000 0 tha d
020    9749386477
041 1  tha^heng
050  4 LB1050.54^bก355อ 2553
100 1  กอนสแตนท์, ตีนา
245 10 อ่านไวใน 7 วัน =^bSpeed reading in a week /^cผู้เขียน Tina, Konstant ; ผู้แปล โอฬาร สุนทรภูษิต ; ผู้เรียบเรียง ธนิกานต์ มาฆะศิรานนท์
246 31 Speed reading in a week
250    พิมพ์ครั้งที่ 6
260    กรุงเทพฯ :^bบิสคิต,^c2553
300    162 หน้า :^bภาพประกอบ ;^c21 ซม.
650  7 ความเร็วในการอ่าน
650  7 การอ่าน
700 0  โอฬาร สุนทรภูษิต,^eผู้แปล
700 0  ธนิกานต์ มาฆะศิรานนท์,^eเรียบเรียง
700 12 Konstant, Tina^tSpeed reading in a week
945    ^p160^l0^i029832
945    ^p160^l0^i029831
995    เกษร
999 ^a ใช้งานได้ทุกระบบ
รายการนี้ยังไม่มีแท็ก
คุณยังไม่ได้ล็อกอิน คุณสามารถมีกิจกรรมร่วมกับเว็บไซต์ได้ แต่ต้องล็อกอินก่อน ::
  ล็อกอิน

รายการสื่อสารสนเทศ

ลำดับที่ ประเภท เลขเรียก/บาร์โค้ด สถานที่ สถานะ
- ไม่พบข้อมูล -

รายการใกล้เคียง
    ผู้แต่ง [กอนสแตนท์, ตีนา]

    หัวเรื่อง [ความเร็วในการอ่าน]
    หัวเรื่อง [การอ่าน]

BibComment


ยังไม่เคยถูกคอมเมนท์

คอมเมนท์ทรัพยากรรายการนี้
  คอมเมนท์: อ่านไวใน 7 วัน S..


 Copyright 2026. Bcnsprnw @Library